000 00261nam a22001097a 4500
008 170117b xxu||||| |||| 00| 0 eng d
020 _a9780781774765
041 _aeng
080 _25TH
_a618.2
245 _aFUNDAMENTALS OF NURSING
_cJOHNSON, J.Y
942 _2udc
_cBK
999 _c3010
_d3010